000 00769nam a2200277Ia 4500
005 20250425160742.0
008 250425s9999 xx 000 0 und d
020 _a9688805025
041 _aspa
043 _amx
082 _a657.42
100 _aHORNGREN, CHARLES T.
245 0 _aCONTABILIDAD DE COSTOS: UN ENFOQUE GERENCIAL
250 _a8A ED.
260 _aMEXICO
260 _aMéxico
_bPRENTICE-HALL HISPANOAMERICANA, S.A
_c1996
300 _a970
500 _aTítulo Traducido: COST ACCOUNTING A MANAGERIAL EMPHASIS
650 _aANALISIS DE COSTOS
650 _aCONTABILIDAD DE COSTOS
650 _aCONTROL DE COSTOS
650 _aCOSTOS DE PRODUCCION
700 _aADOLFO DERAS QUIÑONES
_etraductor
942 _c01
010 _a4400
999 _c195426
_d195426